000 00701nam a2200265Ia 4500
001 31064
005 20240114001513.0
007 ta
008 060731s1373 g b000 u 346 u
040 _aCotton College,Assam
041 _a346
082 _a891.441
_bM 289 P
100 _aMajumder, Biman Bihari .
245 0 _aPanchshata Bathsarere Padabali /
_cBiman Bihari Majumder.
_hTextual Documents
250 _a1st ed. /
260 _aCalcutta :
_bJigyasa Prakashan ,
_c1373.
300 _a308p. ;
_c22cm.
653 _aBengali Poetry-Collections
653 _aG-Bengali
942 _2ddc
_cBK
999 _c31046
_d31046